[Event "Pyramiden Franken Cup"]
[Site "Fuerth"]
[Date "1999.08.26"]
[Round "6"]
[White "Gustafsson, Jan"]
[Black "Janz, Frerik"]
[Result "1-0"]
[WhiteElo "2436"]
[BlackElo "2284"]

1.d4 d5 2.c4 dxc4 3.Nf3 a6 4.e3 Nf6 5.Bxc4 e6 6.O-O c5 7.Bb3 Nc6 8.Nc3 Be7
9.Qe2 Qc7 10.Bd2 O-O 11.Rac1 b6 12.dxc5 Bxc5 13.Na4 Be7 14.e4 Bb7 15.e5 Nd7
16.Bf4 b5 17.Nc3 Nc5 18.Bc2 Nb4 19.Bb1 Rad8 20.Ne4 Bxe4 21.Qxe4 Nxe4 22.Rxc7 Nd5
23.Rxe7 Nc5 24.Be3 Nd7 25.Rxd7 Rxd7 26.Rc1 Nxe3 27.fxe3 Rfd8 28.Bc2 Kf8 29.Bb3 a5
30.Nd4 a4 31.Bd1 Rd5 32.Bf3 Rxe5 33.Kf2 Rg5 34.Rc7 e5 35.Nc6 Re8 36.e4 Rg6
37.Be2 Rd6 38.Bxb5 Rd2+ 39.Kf3 Rxb2 40.Bc4 Rc2 41.Rxf7+ Kg8 42.Bd5  1-0

[Event "CRO-chT"]
[Site "Pula"]
[Date "1999.09.09"]
[Round "1"]
[White "Dizdar, Goran"]
[Black "Sermek, Drazen"]
[Result "1/2-1/2"]
[WhiteElo "2549"]
[BlackElo "2545"]

1.d4 d5 2.c4 dxc4 3.Nf3 c5 4.d5 e6 5.Nc3 exd5 6.Qxd5 Qxd5 7.Nxd5 Na6 8.e4 Ne7
9.Ne3 Nc7 10.Nxc4 Nc6 11.Bf4 Ne6 12.Bg3 Ned4 13.Nxd4 Nxd4 14.O-O-O Be6 15.Be5 f6
16.Bxd4 cxd4 17.Kb1 Rc8 18.Rxd4 Bc5 19.Rd1 Ke7 20.f3 Rhd8 21.Be2 Rxd1+ 22.Rxd1 Bxc4
23.Bxc4 Bd6 24.Bd5 b5 25.g3 b4 26.f4 h6 27.h4 Rc5 28.h5 a5 29.Rd3 a4 30.Rd4 Kd7
31.Bf7 Ke7 32.Bd5 Kd7 33.Bf7 Ke7 34.Bg6 Rc7 35.Bf5 a3 36.Rd3 Rc4 37.Bh7 Bc5
38.e5 Rd4 39.bxa3 Rxd3 40.Bxd3 bxa3  1/2-1/2

[Event "CRO-chT"]
[Site "Pula"]
[Date "1999.09.15"]
[Round "6"]
[White "Delchev, Aleksander"]
[Black "Varga, Zoltan"]
[Result "1/2-1/2"]
[WhiteElo "2521"]
[BlackElo "2541"]

1.Nf3 d5 2.d4 a6 3.c4 dxc4 4.e3 Nf6 5.Bxc4 e6 6.O-O b5 7.Bd3 c5 8.a4 b4 9.e4 Bb7
10.e5 Nd5 11.Nbd2 h6 12.Ne4 Nd7 13.Nfd2 cxd4 14.Nc4 Nc5 15.Ncd6+ Bxd6 16.Nxd6+ Kf8
17.Bc4 Bc6 18.Qxd4 Nb7 19.Nxb7 Bxb7 20.a5 g6 21.Bd2 Kg7 22.Rfc1 Qe7 23.Bf1 Rac8
24.Qa7 Rxc1 25.Rxc1 Ra8 26.Qc5 Qd8 27.Rc4 Rc8 28.Qa7 Rxc4 29.Bxc4 Qxa5 30.Qxb7 Qa1+
31.Bf1 Qxb2 32.Be3 Nxe3 33.fxe3 a5 34.Qe4 a4 35.Qf4 Qc3 36.Qf6+ Kg8 37.Qd8+ Kh7
38.Qf6 Qxe3+ 39.Kh1 Qa7 40.h4 h5 41.g4 hxg4 42.h5 Qa8+ 43.Kh2 Qf3 44.hxg6+ fxg6
45.Qe7+ Kh6 46.Qh4+ Kg7 47.Qe7+ Kh6 48.Qh4+  1/2-1/2

[Event "Escaldes Tancat"]
[Site "Escaldes"]
[Date "1999.09.19"]
[Round "9"]
[White "Chabanon, Jean Luc"]
[Black "Mellado Trivino, Juan"]
[Result "1-0"]
[WhiteElo "2456"]
[BlackElo "2477"]

1.d4 d5 2.Nf3 c5 3.c4 dxc4 4.Nc3 Nf6 5.e4 cxd4 6.Qxd4 Qxd4 7.Nxd4 e6 8.Bxc4 a6
9.e5 Nfd7 10.Bf4 b5 11.Be2 Bb7 12.O-O Nc6 13.Nxc6 Bxc6 14.Rfc1 Bc5 15.a4 b4
16.Nd1 Bd5 17.Be3 Bxe3 18.Nxe3 Bb3 19.Bxa6 O-O 20.Bb5 Nxe5 21.a5 Ra7 22.a6 Rb8
23.Rc5 f6 24.Rac1 Rba8 25.Rc8+ Rxc8 26.Rxc8+ Kf7 27.Rb8 Kg6 28.Rb7 Ra8 29.f4 Nf7
30.Bd3+ f5 31.Rxb4 Ba2 32.g4 Nd6 33.Rb6 Nc8 34.gxf5+ Kf6 35.Ng4+ Ke7 36.Rb7+ Kf8
37.f6 gxf6 38.Nxf6 Ne7 39.Nd7+ Kf7 40.Nb6 Rg8+ 41.Kf2  1-0

[Event "Budapest FS10 GM"]
[Site "Budapest"]
[Date "1999.10.06"]
[Round "5"]
[White "Lengyel, Levente"]
[Black "Vovsha, Eli"]
[Result "0-1"]
[WhiteElo "2312"]
[BlackElo "2289"]

1.Nf3 d5 2.d4 c5 3.c4 dxc4 4.e3 Nc6 5.Bxc4 cxd4 6.exd4 e6 7.O-O Nf6 8.Nc3 Be7
9.a3 O-O 10.Re1 a6 11.Bb3 Qd6 12.h3 Rd8 13.Be3 b5 14.Qe2 Bb7 15.Red1 Na5
16.Ba2 b4 17.axb4 Qxb4 18.Ne1 Nd5 19.Bd2 Qb6 20.Nf3 Nb3 21.Bxb3 Qxb3 22.Nxd5 Bxd5
23.Bc3 Qb5 24.Qxb5 axb5 25.Ne1 Bb3 26.Rxa8 Rxa8 27.Rb1 Ra2 28.f3 h5 29.Kf2 Bd5
30.Nd3 Ra4 31.Nf4 Ba2 32.Ra1 h4 33.Nd3 Bb3 34.Rxa4 Bxa4 35.Nb4 Bb3 36.Nc6 Bd6
37.Na7 Bc4 38.Nc6 Bg3+ 39.Kg1 f6 40.Nb4 Kf7 41.Nc2 Ke7 42.Ne3 Bd3 43.Nf1 Bf4  0-1

[Event "World Cities-ch 2nd"]
[Site "Shenyang"]
[Date "1999.10.08"]
[Round "8"]
[White "Tovsanaa, Nyamaa"]
[Black "Li Wenjun"]
[Result "0-1"]
[WhiteElo "2347"]
[BlackElo "2342"]

1.d4 d5 2.Nf3 c5 3.c4 dxc4 4.e3 cxd4 5.exd4 Qc7 6.Ne5 Nc6 7.Bf4 g5 8.Bxc4 e6
9.Nxc6 Qxc6 10.Be5 f6 11.Qh5+ Ke7 12.O-O Qxc4 13.Na3 Qd5 14.Rac1 Bd7 15.Rc5 Qe4
16.Nc4 Qg6 17.Qf3 Bc6 18.Bd6+ Kd7 19.Rxc6 bxc6 20.Bxf8 Rxf8 21.Qa3 Rd8 22.Re1 Qf7
23.Qd6+ Ke8 24.Rxe6+ Ne7 25.Qxc6+ Kf8 26.Qa6 Kg7 27.h4 h6 28.Ne3 Rhe8 29.h5 Rxd4
30.g4 Rf4 31.a4 Kh8 32.b3 Ng8 33.Rxe8 Qxe8 34.Qxa7 Qe4 35.Qd7 Qb1+ 36.Kg2 Qe1  0-1

[Event "Aars get2net Cup IM"]
[Site "Aars"]
[Date "1999.10.18"]
[Round "3"]
[White "Bekker Jensen, David"]
[Black "Hedman, Erik"]
[Result "1/2-1/2"]
[WhiteElo "2264"]
[BlackElo "2348"]

1.d4 d5 2.c4 dxc4 3.Nf3 c5 4.d5 e6 5.Nc3 exd5 6.Qxd5 Qxd5 7.Nxd5 Bd6 8.Nd2 Nc6
9.Nxc4 Bb8 10.e4 Nd4 11.Bd3 Ne7 12.Nxe7 Kxe7 13.b4 Be6 14.O-O b5 15.Na5 Bc7
16.Be3 Bxa5 17.bxa5 Rhd8 18.Bxd4 Rxd4 19.Bxb5 Rb8 20.a4 Bb3 21.Rac1 Rc8 22.Rc3 Bxa4
23.Ba6 Rc7 24.f3 Rb4 25.Rfc1 Bb5 26.Bxb5 Rxb5 27.Ra1 a6 28.Ra2 Kd6 29.Kf2 c4
30.Ra4 Rcc5 31.Rcxc4 Rxc4 32.Rxc4 Rxa5 33.Rc8 Ra2+  1/2-1/2

[Event "Aars get2net Cup IM"]
[Site "Aars"]
[Date "1999.10.19"]
[Round "4"]
[White "Christensen, Bent"]
[Black "Hedman, Erik"]
[Result "1/2-1/2"]
[WhiteElo "2113"]
[BlackElo "2348"]

1.d4 d5 2.c4 dxc4 3.Nf3 c5 4.e3 cxd4 5.Qxd4 Qxd4 6.Nxd4 Bd7 7.Bxc4 Nc6 8.Nxc6 Bxc6
9.O-O Nf6 10.b3 e6 11.Bb2 Bd6 12.Nd2 Nd7 13.Rfd1 Ke7 14.Be2 f6 15.Bf3 Bxf3
16.Nxf3 Rac8 17.Rac1 e5 18.Nd2 Bb4 19.Ne4 Ke6 20.Kf1 Nb6 21.a3 Be7 22.Nc3 Nd7
23.Ne4 f5 24.Nd2 Nc5 25.Rc3 Rcd8 26.Ke2 Rd5 27.Nb1 Rhd8 28.Rxd5 Rxd5 29.b4 Na4
30.Rc2 Nxb2 31.Rxb2 e4 32.Rd2 Bf6 33.Rxd5 Kxd5 34.Kd2 g5 35.Kc2 h5 36.Nd2 Be5
37.h3 g4 38.hxg4 fxg4 39.g3 Bf6 40.Kb3 h4 41.Nf1 b5 42.gxh4 Bxh4 43.Ng3  1/2-1/2

[Event "Chigorin mem"]
[Site "St Petersburg"]
[Date "1999.11.03"]
[Round "2"]
[White "Danielian, Vardan"]
[Black "Ulko, Jaroslav"]
[Result "0-1"]
[WhiteElo "2289"]
[BlackElo "2454"]

1.d4 d5 2.c4 dxc4 3.Nf3 a6 4.a4 Nf6 5.Nc3 Nc6 6.d5 Na5 7.e4 e6 8.Bg5 Be7
9.dxe6 Bxe6 10.Nd4 Bg4 11.f3 c5 12.Nde2 Be6 13.Nf4 Qb6 14.Qe2 Rd8 15.e5 Nd5
16.Nfxd5 Bxd5 17.Rd1 Bc6 18.Rxd8+ Qxd8 19.Bxe7 Qxe7 20.Ne4 O-O 21.Nd6 Qg5
22.h4 Qf4 23.Kf2 Bxa4 24.Nxc4 Nxc4 25.Qxc4 Qd2+ 26.Qe2 Qd4+ 27.Kg3 Re8 28.f4 Bc6
29.Qf2 Qb4 30.Kh2 Rd8 31.Be2 Qxb2 32.Re1 Rd2 33.Qe3 Qd4 34.Qg3 Be4 35.Qg5 h6
36.Qg3 b5 37.e6 fxe6  0-1

[Event "Chigorin mem"]
[Site "St Petersburg"]
[Date "1999.11.05"]
[Round "4"]
[White "Biriukov, Oleg V"]
[Black "Bataev, Evgeny"]
[Result "1-0"]
[WhiteElo "2378"]
[BlackElo "2227"]

1.d4 d5 2.c4 dxc4 3.Nf3 a6 4.e3 Bg4 5.Bxc4 e6 6.d5 exd5 7.Bxd5 Bb4+ 8.Nc3 Bxc3+
9.bxc3 Nf6 10.Bxb7 Qxd1+ 11.Kxd1 Ra7 12.Rb1 O-O 13.e4 Nbd7 14.Be3 c5 15.Kc2 Rb8
16.Bc6 Rc8 17.Rb7 Raa8 18.Ba4 Bxf3 19.gxf3 Ne5 20.Rhb1 Nxf3 21.Re7 Nd4+ 22.cxd4 cxd4+
23.Kd3 dxe3 24.f3 Ne8 25.e5 Nc7 26.Bb3 Rd8+ 27.Kxe3 Nd5+ 28.Bxd5 Rxd5 29.Rbb7 Rf8
30.f4 g6 31.e6 Rf5 32.Ke4 Rf6 33.exf7+ R6xf7 34.Rxf7 Rxf7 35.Rxf7 Kxf7 36.Ke5 h5
37.h4 a5 38.a4 Ke7 39.f5 Kf7 40.f6 Ke8 41.Ke6 Kf8 42.f7 g5 43.hxg5 h4 44.Kf6  1-0

[Event "SLO-chT"]
[Site "Bled"]
[Date "1999.11.13"]
[Round "6"]
[White "Farago, Ivan"]
[Black "Sermek, Drazen"]
[Result "1/2-1/2"]
[WhiteElo "2512"]
[BlackElo "2545"]

1.d4 d5 2.c4 dxc4 3.Nf3 c5 4.d5 e6 5.Nc3 exd5 6.Qxd5 Qxd5 7.Nxd5 Bd6 8.Nd2 Nc6
9.Nxc4 Bb8 10.e4 Nd4 11.Bd3 Ne7 12.Nce3 Nxd5 13.Nxd5 Be6 14.Be3 Bxd5 15.Bxd4 cxd4  1/2-1/2

[Event "Masters"]
[Site "Kilkenny IRL"]
[Date "1999.11.28"]
[Round "6"]
[White "Van Esch,S"]
[Black "Baburin,A"]
[Result "0-1"]
[WhiteElo "2166"]
[BlackElo "2593"]

1.d4 d5 2.c4 dxc4 3.Nf3 a6 4.a4 Nf6 5.e3 Bg4 6.Bxc4 e6 7.a5 Nc6 8.Nc3 Bb4
9.Qa4 Bxf3 10.gxf3 Bxa5 11.Qb3 b5 12.Bxe6 O-O 13.Bh3 Re8 14.O-O Bb6 15.Qd1 Ne7
16.b3 Ng6 17.Ne2 Nh4 18.Ng3 c5 19.dxc5 Bxc5 20.Bg2 Qb6 21.Ra2 Rad8 22.Rd2 h5
23.Rxd8 Rxd8 24.Qc2 g6 25.Ne4 Nxe4 26.Qxe4 Nxg2 27.Kxg2 Qe6 28.Qb7 Qxb3 29.Qxa6 Bf8
30.Qf6 Rd6 31.Qb2 Qxb2 32.Bxb2 Bg7 33.Rb1 Bxb2 34.Rxb2 Rb6 35.f4 b4 36.Kf3 Kg7
37.e4 b3 38.Ke3 Kf6 39.h4 Ke6 40.f3 Kd6 41.Kd3 Kc5 42.Kc3 Rb4 43.Rxb3 Rxb3+
44.Kxb3 Kd4 45.f5 gxf5 46.exf5 Ke3 47.Kc4 Kxf3 48.Kd4 Kg4 49.Ke5 Kxh4 50.Kf4 f6  0-1

[Event "Cairnhill Open"]
[Site "Singapore SIN"]
[Date "1999.12.11"]
[Round "4"]
[White "Tirto"]
[Black "Tan Chor Chuan"]
[Result "0-1"]
[WhiteElo "2100"]
[BlackElo "2178"]

1.d4 d5 2.c4 dxc4 3.Nf3 a6 4.e3 e6 5.Bxc4 c5 6.O-O Nf6 7.Bb3 Nc6 8.Nc3 Be7
9.d5 exd5 10.Nxd5 O-O 11.Nxe7+ Qxe7 12.h3 b5 13.a4 Bb7 14.Bc2 Rad8 15.Qe2 Nb4
16.Bb1 c4 17.axb5 axb5 18.b3 Nbd5 19.Nd4 Nc3 20.Qb2 Nxb1 21.Rxb1 c3 22.Qxc3 Qe4
23.f3 Qxb1 24.Ba3 Qg6 25.Bxf8 Rxf8 26.Nxb5 Ba6 27.Qc6 Nh5 28.Qd5 Nf6 29.Qc6 Ne8
30.Qd5 Qe6 31.Rd1 Qxe3+ 32.Kh1 Nf6 33.Qc6 Qxb3 34.Nc3 Bb7 35.Qc5 Qe6 36.Kh2 h6
37.Qc7 Bd5 38.Qf4 Rc8 39.Rd3 Rc4 40.Qb8+ Kh7 41.Qg3 Nh5 42.Qb8 Nf4 43.Qb1 Qg6
44.Rxd5 Qxb1 45.Nxb1 Nxd5 46.Nd2 Rc2 47.Nf1 f5 48.Kg3 f4+ 49.Kh2 Ne3 50.Nd2 Rxd2
51.h4 Rxg2+ 52.Kh3 Rg3+ 53.Kh2 Rxf3 54.Kh1 Kg6 55.Kh2 Kh5 56.Kg1 Kg4 57.h5 Kg3  0-1

[Event "Cairnhill Open"]
[Site "Singapore SIN"]
[Date "1999.12.12"]
[Round "6"]
[White "Kiese,M"]
[Black "Tan Chor Chuan"]
[Result "1-0"]
[WhiteElo "2206"]
[BlackElo "2178"]

1.d4 d5 2.c4 dxc4 3.Nf3 a6 4.e3 e6 5.Bxc4 c5 6.a4 Nf6 7.O-O Nc6 8.Qe2 Be7
9.Rd1 Qc7 10.Nc3 O-O 11.h3 b6 12.d5 exd5 13.Bxd5 Bb7 14.e4 Nd7 15.e5 Kh8
16.Bf4 Qc8 17.Ne4 Nd4 18.Nxd4 Bxd5 19.Nf5 Bxe4 20.Qxe4 Re8 21.Qd5 Ra7 22.Qxf7 Bf8
23.e6  1-0

[Event "Vikings GMB"]
[Site "York ENG"]
[Date "1999.12.17"]
[Round "5"]
[White "Summerscale,A"]
[Black "Quinn,M"]
[Result "1-0"]
[WhiteElo "2423"]
[BlackElo "2377"]

1.d4 d5 2.c4 dxc4 3.Nf3 a6 4.e3 e6 5.Bxc4 Nf6 6.O-O b5 7.Bd3 Bb7 8.a4 b4
9.Nbd2 Nbd7 10.Qe2 c5 11.Nc4 Be7 12.e4 cxd4 13.e5 Nd5 14.Bg5 Qb8 15.Bxe7 Kxe7
16.Qe4 h6 17.Qxd4 Rd8 18.Na5 Qc7 19.Nxb7 Qxb7 20.a5 Rac8 21.Rfc1 Rxc1+ 22.Rxc1 Rc8
23.Rxc8 Qxc8 24.Qc4 Qxc4 25.Bxc4 Nc7 26.Kf1 Nc5 27.Nd4 Nb7 28.Nc6+ Kd7 29.Nxb4 Nxa5
30.Bxa6 Nxa6 31.Nxa6 Nc4 32.Nc5+ Kc6 33.Nd3 Kd5 34.Ke2 Kd4 35.h4 h5 36.g3 g6
37.f4 Ne3 38.Nf2 Nf5 39.Kf3 Kd5 40.Nh3 Kc4 41.Ng5 Nh6 42.f5 gxf5 43.Kf4 Kb3
44.Nf3 Ng4 45.Kg5 Kxb2 46.Kxh5 Kc3 47.Kg5 Kd3 48.h5 Ke4 49.Nh2 Nxe5 50.h6 Ng6
51.h7 e5 52.Kf6 f4 53.g4  1-0

[Event "Eastern Open"]
[Site "Washington DC USA"]
[Date "1999.12.28"]
[Round "5"]
[White "Wong Foong Yin"]
[Black "Figler,I"]
[Result "1/2-1/2"]
[WhiteElo "2295"]
[BlackElo "2378"]

1.d4 d5 2.c4 dxc4 3.Nf3 a6 4.Nc3 Nc6 5.e4 Bg4 6.Be3 Bxf3 7.gxf3 e5 8.d5 Na5
9.f4 Bd6 10.fxe5 Bxe5 11.Bd4 Bxd4 12.Qxd4 Qf6 13.e5 Qb6 14.Qxb6 cxb6 15.Bh3 Ne7
16.f4 b5 17.O-O-O b4 18.Ne4 Ng6 19.Nd6+ Kf8 20.Rd4 b5 21.Nc8 b3 22.a3 Ne7
23.Nxe7 Kxe7 24.d6+ Kd8 25.f5 Nc6 26.Rd5 f6 27.e6 g5 28.Rhd1 Rc8 29.Rc5 Na5
30.Rxc8+ Kxc8 31.Bg2 c3 32.bxc3 Nc4 33.Bc6 Nxd6 34.Rxd6 Kc7 35.Rd7+ Kxc6
36.Rf7 a5 37.Rxf6 Kd6 38.Rf7 Rd8 39.Rxh7 a4 40.Rb7 Rh8 41.Rd7+ Ke5 42.Rf7 Rxh2
43.e7 Rh1+ 44.Kd2 b2 45.e8=Q+  1/2-1/2

[Event "JUG-ch"]
[Site "Belgrade"]
[Date "1999.??.??"]
[Round "5"]
[White "Ivanisevic, Ivan"]
[Black "Drasko, Milan"]
[Result "1/2-1/2"]
[WhiteElo "2457"]
[BlackElo "2505"]

1.d4 d5 2.c4 dxc4 3.Nf3 a6 4.e3 e6 5.Bxc4 c5 6.a3 Nf6 7.O-O b5 8.Ba2 Bb7
9.Nc3 cxd4 10.exd4 Be7 11.Bg5 O-O 12.Qe2 Nbd7 13.Ne5 Nb6 14.Bxf6 Bxf6 15.Rad1 Rc8
16.Ne4 Bxe4 17.Qxe4 Nc4 18.Bxc4 bxc4 19.Ng4  1/2-1/2

[Event "Cannes"]
[Site "Cannes"]
[Date "1999.??.??"]
[Round "2"]
[White "Wallyn, Alexandre"]
[Black "Delchev, Aleksander"]
[Result "0-1"]
[WhiteElo "2130"]
[BlackElo "2548"]

1.d4 d5 2.c4 dxc4 3.Nf3 a6 4.e4 b5 5.a4 Bb7 6.axb5 axb5 7.Rxa8 Bxa8 8.b3 e6
9.bxc4 Bxe4 10.Nbd2 Bb4 11.Qb3 Nc6 12.d5 bxc4 13.Bxc4 Bxd5 14.O-O Nge7 15.Ng5 O-O
16.Qh3 h6 17.Bd3 f5 18.Ngf3 Bxf3  0-1

[Event "Ceske Budejovice op"]
[Site "Ceske Budejovice"]
[Date "1999.??.??"]
[Round "1"]
[White "Brychta, David"]
[Black "Hrivnak, Daniel"]
[Result "0-1"]
[WhiteElo "2105"]
[BlackElo "2300"]

1.d4 d5 2.Nf3 c5 3.c4 dxc4 4.Qa4+ Bd7 5.Qxc4 cxd4 6.Nxd4 e5 7.Nc2 Nc6 8.Nc3 Rc8
9.Qd3 Nb4 10.Nxb4 Bxb4 11.a3 Bxc3+ 12.bxc3 Qc7 13.Bd2 Ne7 14.e4 O-O 15.Be2 Rfd8
16.Qg3 Bc6 17.Bg5 Bxe4 18.Bf6 Nf5 19.Bxd8 Rxd8 20.Qh3 Bxg2  0-1

[Event "Cataluna-chT"]
[Site "ESP"]
[Date "1999.??.??"]
[Round "8"]
[White "Pomes Marcet, Juan"]
[Black "Narciso Dublan, Marc"]
[Result "1/2-1/2"]
[WhiteElo "2440"]
[BlackElo "2500"]

1.d4 d5 2.c4 dxc4 3.Nf3 a6 4.e4 b5 5.a4 Bb7 6.axb5 axb5 7.Rxa8 Bxa8 8.Nc3 c6
9.Be2 e6 10.Bg5 Be7 11.Qa1 Nd7 12.O-O Bxg5 13.Nxg5 Ne7 14.Qa7 O-O 15.Bg4 Nf6
16.Bxe6 fxe6 17.Nxe6 Qd7 18.Qxd7 Nxd7 19.Nxf8 Kxf8 20.Ra1 Nb6 21.f3 Nec8
22.Kf2 Bb7 23.Ke3 Nd6 24.g4 g5 25.h4 gxh4 26.Rh1 b4 27.Na2 b3 28.Nc3 Nb5
29.Rxh4 Nxc3 30.bxc3 b2 31.Rh1 Na4 32.Kd2 Bc8 33.Kc2 Kg7 34.Rg1 Kg6 35.f4 h6
36.Rg3 Bd7 37.g5 hxg5 38.Rxg5+ Kf6 39.e5+ Kf7 40.f5 Nxc3 41.Kxb2 Nb5 42.e6+ Bxe6
43.fxe6+ Kxe6 44.Rc5  1/2-1/2

[Event "FIN-chT9899"]
[Site "FIN"]
[Date "1999.??.??"]
[Round "7"]
[White "Raisa, Unto"]
[Black "Tiitta, Sauli"]
[Result "0-1"]
[WhiteElo "2209"]
[BlackElo "2193"]

1.d4 d5 2.c4 dxc4 3.Nf3 a6 4.e3 Nf6 5.Bxc4 e6 6.O-O c5 7.dxc5 Qxd1 8.Rxd1 Bxc5
9.a3 b5 10.Be2 Bb7 11.b4 Be7 12.Bb2 Nbd7 13.Nbd2 O-O 14.Rac1 Rac8 15.Nb3 Bd5
16.Na5 Ne4 17.Rxc8 Rxc8 18.Rc1 Rxc1+ 19.Bxc1 Nc3 20.Kf1 Bd8 21.Bb2 Nxe2 22.Kxe2 f6
23.g3 Bxa5 24.bxa5 Bxf3+ 25.Kxf3 Kf7 26.Bc3 Nb8 27.e4 Ke7 28.Ke3 Kd6 29.Bb4+ Kc6
30.g4 Nd7 31.f4 g6 32.h3 Nc5 33.Kd4 e5+ 34.Ke3 exf4+ 35.Kxf4 Nd3+ 36.Ke3 Ne5
37.Kf4 Kd7 38.Ke3 Nc6 39.Bc3 Ke6 40.Kf4 h6 41.h4 g5+ 42.hxg5 hxg5+ 43.Kf3 Nd8
44.Ke3 Nc6 45.Kf3 Kf7 46.Ke3 Ke7 47.Ke2 Nd8 48.e5 fxe5 49.Bxe5 Nc6 50.Bc3 Ke6
51.Kf3 Kd5 52.Bf6 Nd4+ 53.Ke3 Nc2+ 54.Kd3 Nxa3 55.Bxg5 Nc4 56.Bd8 Ne5+ 57.Kc3 Nxg4
58.Bb6 Ne5 59.Kb4 Nc4 60.Bd8 Ne5 61.Bb6 Nc6+ 62.Kb3 Ne7 63.Kb4 Kc6 64.Bd8 Kd7
65.Bxe7 Kxe7 66.Kc5 Kd7 67.Kb6 b4 68.Kxa6 b3 69.Ka7 b2 70.a6 b1=Q  0-1

[Event "Alfoeld Cup op"]
[Site "Hajduszoboszlo"]
[Date "1999.??.??"]
[Round "7"]
[White "Popovics, Adam"]
[Black "Veres, Janos"]
[Result "0-1"]
[WhiteElo "2055"]
[BlackElo "2150"]

1.d4 d5 2.c4 dxc4 3.Nf3 a6 4.e3 Bg4 5.Bxc4 e6 6.O-O Nf6 7.Nc3 Nbd7 8.h3 Bh5
9.Qe2 c5 10.a4 Rc8 11.d5 exd5 12.Nxd5 Ne5 13.Nxf6+ Qxf6 14.Bd5 Nxf3+ 15.Bxf3 Bxf3
16.Qxf3 Qxf3 17.gxf3 Rd8 18.e4 Rd3 19.Be3 Rb3 20.Rfc1 Rxb2 21.Rab1 Rb4 22.Rxb4 cxb4
23.Rc7 b5 24.axb5 axb5 25.Rb7 Bd6 26.Rxb5 Kd7 27.Rb7+ Kc6 28.Rb6+ Kc7 29.e5 Be7
30.Ra6 Rb8 31.Ra1 Kc6 32.Kf1 b3 33.Ke2 Kd5 34.f4 b2 35.Rb1 Kc4 36.Kd2 Kb3
37.Bd4 Ka2 38.Rxb2+ Rxb2+ 39.Bxb2 Kxb2 40.f5 Kb3 41.Kd3 Kb4 42.e6 f6 43.Kd4 Kb5
44.Kd5 Kb6 45.h4 h5  0-1

[Event "HUN-chT29899"]
[Site "HUN"]
[Date "1999.??.??"]
[Round "?"]
[White "Rat, Dan"]
[Black "Donka, Peter"]
[Result "1/2-1/2"]
[WhiteElo "2245"]
[BlackElo "2280"]

1.d4 d5 2.c4 dxc4 3.Nf3 c5 4.d5 e6 5.Nc3 exd5 6.Qxd5 Qxd5 7.Nxd5 Bd6 8.e4 Ne7
9.Bxc4 Nxd5 10.Bxd5 Na6 11.O-O Nc7 12.Bb3 Be6  1/2-1/2

[Event "HUN-chT9899"]
[Site "HUN"]
[Date "1999.??.??"]
[Round "?"]
[White "Farago, Ivan"]
[Black "Nemeth, Zoltan"]
[Result "1-0"]
[WhiteElo "2530"]
[BlackElo "2435"]

1.d4 d5 2.c4 dxc4 3.Nf3 c5 4.d5 e6 5.Nc3 Nf6 6.e4 exd5 7.e5 Ne4 8.Qxd5 Nxc3
9.Qxd8+ Kxd8 10.bxc3 Be6 11.Ng5 Nd7 12.f4 Bd5 13.Be3 Nb6 14.O-O-O Ke8 15.f5 h6
16.Nf3 Rd8 17.Be2 Be4 18.e6 fxe6 19.Ne5 Bd6 20.Bh5+ Kf8 21.Rxd6 Rxd6 22.Bxc5 Ke7
23.Bxd6+ Kf6 24.Ng6 Re8 25.Nf8 Bxg2 26.Rg1 Rd8 27.Nh7+ Kxf5 28.Bc7 Rd3 29.Rxg2 Rxc3+
30.Kd2 Rd3+ 31.Kc2 g5 32.Rf2+ Ke4 33.Bg6+ Ke3 34.Rg2 Rd7 35.Be5 Rd5 36.Bc3 Na4
37.Bd2+ Kd4 38.Nf6 Rd8 39.Re2 c3 40.Re4+ Kc5 41.Be3+  1-0

[Event "Godal mem"]
[Site "HUN"]
[Date "1999.??.??"]
[Round "1"]
[White "Pap, Janos"]
[Black "Juhasz, Robert"]
[Result "1-0"]
[WhiteElo "2145"]
[BlackElo "1875"]

1.d4 d5 2.c4 dxc4 3.Nf3 a6 4.a4 e6 5.e3 c5 6.Bxc4 Nc6 7.O-O Nf6 8.Qe2 Qb6
9.Rd1 cxd4 10.exd4 Be7 11.Nc3 Na5 12.Ne5 O-O 13.Bg5 Rd8 14.d5 Nxc4 15.Nxc4 Qc7
16.d6 Bxd6 17.Nxd6 Rxd6 18.Bxf6 gxf6 19.Qg4+ Kh8 20.Rxd6 Qxd6 21.Rd1 Qe7
22.Qh4 Bd7 23.Ne4 Kg7 24.Rd3 Rg8 25.Rg3+ Kh8 26.Nxf6 Rg7 27.Rxg7 Kxg7 28.Qg5+  1-0

[Event "Jesenik op"]
[Site "Jesenik"]
[Date "1999.??.??"]
[Round "?"]
[White "Holecek, Vladimir"]
[Black "Weglarz, Leszek"]
[Result "0-1"]
[WhiteElo "2245"]
[BlackElo "2379"]

1.d4 d5 2.c4 dxc4 3.Nf3 c5 4.d5 e6 5.Nc3 exd5 6.Qxd5 Qxd5 7.Nxd5 Na6 8.e4 Ne7
9.Ne3 Nc7 10.Nxc4 Nc6 11.Be2 Ne6 12.Ne3 Ned4 13.Nxd4 Nxd4 14.Bc4 Be6 15.Bxe6 fxe6
16.Bd2 Be7 17.O-O-O O-O 18.f3 Rfd8 19.Kb1 Nc6 20.Bc3 b5 21.Rxd8+ Rxd8 22.Rd1 Rxd1+
23.Nxd1 c4 24.Bd2 Kf7 25.Be3 a6 26.Nc3 Bf6 27.Ne2 Nb4 28.Nc1 Be5 29.f4 Bc7
30.a3 Nc6 31.Kc2 g5 32.g3 gxf4 33.gxf4 Kg6 34.Ne2 Kh5 35.h3 Kh4 36.f5 exf5
37.exf5 Be5 38.Nc3 Ne7 39.Ne4 Nxf5 40.Bf2+ Kxh3 41.Nc5 Kg2  0-1

[Event "La Bordeta op"]
[Site "La Bordeta"]
[Date "1999.??.??"]
[Round "3"]
[White "Estremera Panos, Sergio"]
[Black "Prats Rodriguez, Joan Bosco"]
[Result "1-0"]
[WhiteElo "2385"]
[BlackElo "2090"]

1.d4 d5 2.c4 dxc4 3.Nf3 a6 4.e3 b5 5.a4 Bb7 6.axb5 axb5 7.Rxa8 Bxa8 8.b3 e6
9.bxc4 bxc4 10.Bxc4 Nf6 11.Qa4+ Bc6 12.Bb5 Bxb5 13.Qxb5+ Nbd7 14.Nc3 Qa8
15.O-O Bd6 16.Bd2 c5 17.dxc5 Bxc5 18.Ne5 Bd6 19.Nc6 O-O 20.Rc1 Nc5 21.Ne2 Qa2
22.Be1 Nce4 23.f3 Nc5 24.Rd1 Nd5 25.e4 Nc7 26.Nc3 Qa3 27.Qc4 Bf4 28.Bf2 Nb3
29.e5 Bd2 30.Ne4 Bb4 31.Nxb4  1-0

[Event "Mendrisio op"]
[Site "Mendrisio"]
[Date "1999.??.??"]
[Round "7"]
[White "Cvitan, Ognjen"]
[Black "Salvetti, Alec"]
[Result "1-0"]
[WhiteElo "2521"]
[BlackElo "2280"]

1.d4 d5 2.Nf3 a6 3.c4 dxc4 4.e3 Bg4 5.Bxc4 e6 6.h3 Bh5 7.Nc3 Nc6 8.O-O Nf6
9.Be2 Bd6 10.b3 O-O 11.Bb2 Bg6 12.Nh4 e5 13.Nxg6 hxg6 14.dxe5 Nxe5 15.f4 Nc6
16.e4 Bc5+ 17.Kh2 Nd4 18.Rc1 Nxe2 19.Qxe2 c6 20.e5 Re8 21.Qc4 Nd7 22.Ne4 Bf8
23.Ng5 Qe7 24.Rce1 Nb6 25.Qd3 Qd7 26.Qg3 Be7 27.Nxf7 Bb4 28.e6 Rxe6 29.Rxe6 Qxe6
30.Ng5 Qe2 31.Rf2 Qd1 32.Qe3  1-0

[Event "Sportland-NRW-Cup"]
[Site "Senden"]
[Date "1999.??.??"]
[Round "2"]
[White "Siepmann, Martin"]
[Black "Jonkman, Harmen"]
[Result "0-1"]
[WhiteElo "1655"]
[BlackElo "2420"]

1.d4 d5 2.c4 dxc4 3.Nf3 a6 4.e4 b5 5.a4 Bb7 6.Nbd2 Nd7 7.Be2 e6 8.Qc2 Ngf6
9.O-O Be7 10.e5 Nd5 11.Ne4 h6 12.Bd2 O-O 13.b3 cxb3 14.Qxb3 b4 15.a5 Nf4
16.Bxf4 Bxe4 17.Nd2 Bd5 18.Bc4 c6 19.Qg3 Kh8 20.Qh3 Bg5 21.Bxg5 Qxg5 22.f4 Qe7
23.g4 f6 24.Qh4 Rf7 25.Rab1 c5 26.Bxd5 exd5 27.exf6 Qe3+ 28.Qf2 Qxf2+ 29.Rxf2 Rxf6
30.dxc5 Nxc5 31.Rf3 Rb8 32.Nb3 Ne4 33.Rd1 Ng5 34.Rfd3 Rxf4 35.Rxd5 Rxg4+
36.Kf1 Rf8+ 37.Ke1 Ne4 38.Rd8 Rg1+ 39.Ke2 Nc3+  0-1

[Event "Sportland-NRW-Cup"]
[Site "Senden"]
[Date "1999.??.??"]
[Round "4"]
[White "Krallmann, Matthias"]
[Black "Jacob, Gunnar"]
[Result "0-1"]
[WhiteElo "2295"]
[BlackElo "2185"]

1.d4 d5 2.c4 dxc4 3.Nf3 a6 4.e3 Nf6 5.Bxc4 e6 6.O-O c5 7.Qe2 Nc6 8.Rd1 b5
9.dxc5 Qc7 10.Bb3 Bxc5 11.h3 Bb7 12.e4 Nd7 13.Nc3 O-O 14.Bg5 Nde5 15.Bf4 Nxf3+
16.Qxf3 e5 17.Nd5 Qd6 18.Bg5 Qg6 19.Be3 Bxe3 20.Qxe3 Kh8 21.Rac1 Rad8 22.f3 Rd7
23.Qc5 Rfd8 24.Nb6 Rxd1+ 25.Rxd1 Rxd1+ 26.Bxd1 h5 27.Bb3 Nd4 28.Qf8+ Kh7
29.Bxf7 Qxb6 30.Qg8+ Kh6 31.Qh8+ Kg5 32.Qxh5+ Kf4 33.Qh4+ Ke3 34.Qf2+ Kd3
35.Kf1 Qc7 36.g3 Qxf7 37.Ke1 Qxf3 38.Qd2+ Kc4  0-1

[Event "RUS-Cup"]
[Site "Tula "]
[Date "1999.??.??"]
[Round "2"]
[White "Rashkovsky, Nukhim N"]
[Black "Donchenko, Anatoly G"]
[Result "1/2-1/2"]
[WhiteElo "2525"]
[BlackElo "2382"]

1.d4 d5 2.c4 dxc4 3.Nf3 a6 4.e3 Nf6 5.Bxc4 e6 6.O-O c5 7.Bd3 Nbd7 8.Re1 cxd4
9.exd4 Be7 10.Ne5 O-O 11.Qf3 Nb6 12.Rd1 Nbd5 13.Nc3 Bd7 14.Qh3 Bc6 15.Bg5 g6
16.Bh6 Re8 17.Re1 Bf8 18.Bg5 Bg7 19.Ne4 Qc7 20.Rac1 Nxe4 21.Bxe4 Qd6 22.Nc4  1/2-1/2

[Event "RUS-Cup"]
[Site "Tula "]
[Date "1999.??.??"]
[Round "9"]
[White "Temirbaev, Serik"]
[Black "Yuferov, Sergey  N"]
[Result "1/2-1/2"]
[WhiteElo "2490"]
[BlackElo "2415"]

1.d4 d5 2.c4 dxc4 3.Nf3 a6 4.e3 Nf6 5.Bxc4 e6 6.O-O c5 7.Qe2 b5 8.Bb3 Bb7
9.Rd1 Nbd7 10.Nc3 Qb8 11.d5 Nxd5 12.Nxd5 Bxd5 13.Bxd5 exd5 14.Rxd5 Qb7 15.e4 Be7
16.Bg5  1/2-1/2

[Event "LTU-ch"]
[Site "Vilnius"]
[Date "1999.??.??"]
[Round "?"]
[White "Grabliauskas, Virginijus"]
[Black "Bucinskas, Valdas"]
[Result "1-0"]
[WhiteElo "2455"]
[BlackElo "2222"]

1.d4 d5 2.c4 dxc4 3.Nf3 a6 4.e3 Bg4 5.Bxc4 e6 6.O-O Nf6 7.Nc3 c5 8.h3 Bh5
9.d5 b5 10.Nxb5 axb5 11.Bxb5+ Nbd7 12.dxe6 fxe6 13.g4 Bf7 14.Ne5 Rb8 15.a4 Rxb5
16.Nxf7 Kxf7 17.axb5 Be7 18.g5 Nd5 19.Qf3+ Ke8 20.e4 Nc7 21.b6 Nxb6 22.Rd1 Qc8
23.b4 c4 24.Bb2 Rg8 25.Qh5+ Kf8 26.Ra3 Ne8 27.Rf3+ Bf6 28.b5  1-0